Gandhi, Patel and Ambedkar: Three pilars of modern India (Record no. 395749)

MARC details
000 -LEADER
fixed length control field 00530 a2200193 4500
005 - DATE & TIME
control field 20260401115613.0
008 - FIXED-LENGTH DATA ELEMENTS--GENERAL INFORMATION
fixed length control field 260319b |||||||| |||| 00| 0 eng d
020 ## - ISBN
International Standard Book Number 9788119391301
Price Rs. 1800.00
040 ## - CATALOGING SOURCE
Original cataloging agency VIVEKANANDA LIBRARY
082 ## - DDC NUMBER
Classification number 923.254
Book Number H216G
100 ## - MAIN ENTRY--PERSONAL NAME
Personal name Hardeep Singh
245 ## - TITLE STATEMENT
Title Gandhi, Patel and Ambedkar: Three pilars of modern India
260 ## - PUBLICATION, DISTRIBUTION, ETC. (IMPRINT)
Name of publisher, distributor, etc Asia Publication
Date of publication, distribution, etc 2023
Place of publication, distribution, etc New Delhi
300 ## - PHYSICAL DESCRIPTION
Pages ix, 280
650 ## - Subject
Subject History
650 ## - Subject
Subject Indian Politcal Leaders
650 ## - Subject
Subject Political-Biography
942 ## - ADDED ENTRY ELEMENTS (KOHA)
Koha item type Books
Holdings
Withdrawn status Lost status Source of classification or shelving scheme Damaged status Not for loan Location (home branch) Sublocation or collection (holding branch) Shelving location Date acquired Koha issues (times borrowed) Koha full call number Accession No. Koha date last seen Koha item type
    Dewey Decimal Classification     VIVEKANANDA LIBRARY VIVEKANANDA LIBRARY Vivekananda Library 22/01/2026   923.254 H216G 444527 22/01/2026 Books
© Designed and Maintained by Vivekananda Library, MDU Rohtak